00937cam a2200253 i 45000010008000000030009000080050017000170080041000340100017000750200015000920400028001070430012001350500021001470820018001681000040001862450086002262600056003123000032003684900066004005040028004666500055004946500066005498300068006151288462BDDh-ASL20231015030208.0761119s1976 caub b 000 0 eng  a 76003884  a0520095537 aDLCcDLCdDLCdBDDh-ASL an-usn--00aE78.N5bC67 197600a301.4519bCOI1 aCook, Sherburne Friend,d1896-1974.14aThe Indian population of New England in the seventeenth century /cby S. F. Cook. aBerkeley :bUniversity of California Press,cc1976. avii, 91 p. :bmap ;c24 cm.1 aUniversity of California publications in anthropology ; v. 12 aBibliography: p. 85-91. 0aIndians of North AmericazNew EnglandxPopulation. 0aIndians of North AmericazNew EnglandxHistoryy17th century. 0aUniversity of California publications in anthropology ;vv. 12.